Inovačný proces v hotelových podnikoch a podpora inovácií v Slovenskej republike dizertačná práca

Guardado en:
Detalles Bibliográficos
Autor principal: Jelšíková, Martina
Autor Corporativo: Obchodná fakulta EU. Katedra tovaroznalectva a kvality tovaru
Otros Autores: Lacková, Alica
Formato: Libro
Lenguaje:eslovaco
Publicado: Bratislava 2011
Materias:
Etiquetas: Agregar Etiqueta
Sin Etiquetas, Sea el primero en etiquetar este registro!

MARC

LEADER 00000nbm a2200000 4500
001 0143573
005 20240502072556.7
041 0 |a slo 
044 |a SK 
245 1 0 |a Inovačný proces v hotelových podnikoch a podpora inovácií v Slovenskej republike  |b dizertačná práca  |c Martina Jelšíková ; školiteľ: Alica Lacková 
264 1 |a Bratislava  |c 2011 
300 |a 141 s. 
610 2 0 |a inovácia 
610 2 0 |a ruch cestovný 
610 2 0 |a hotelierstvo 
610 2 0 |a hotely 
610 2 0 |a analýza swot 
100 1 |a Jelšíková, Martina 
700 1 |a Lacková, Alica 
710 2 |a Obchodná fakulta EU. Katedra tovaroznalectva a kvality tovaru